000 00702nam a2200205 a 4500
003 0
005 20250224095424.0
008 111114s19uu xx 00 eng d
050 _aPGS LB 3605
_b.C961 2011
100 _aCu, Aaron Joshua L.
245 _aTime management and academic achievement of SISC students /
_cAaron Joshua L. Cu.
260 _aLas PiƱas City, Philippines :
_bSouthville International School and Colleges,
_c2011.
300 _a23 pages :
_billustrations ;
_c28 cm.
504 _aIncludes bibliographical references.
650 _aTime management.
650 _aAcademic achievement.
650 _aHigh school students.
650 _aStudent athletes.
942 _2lcc
_cPASS
999 _c98615
_d98615